Countries with high-speed rail networks - Statistics

General Stats
  • This quiz has been taken 54 times
  • The average score is 18 of 21
Answer Stats
Network's Lenght in km Country % Correct
40493 China
100%
921 Italy
100%
3917 Spain
100%
2735 France
98%
1631 Germany
98%
3147 Japan
98%
113 United Kingdom
98%
224 Poland
96%
735 USA
96%
176 Switzerland
94%
874 South Korea
92%
860 Sweden
92%
254 Austria
88%
90 Netherlands
88%
209 Belgium
82%
1154 Turkey
80%
56 Denmark
78%
1120 Finland
78%
449 Saudi Arabia
69%
186 Morocco
51%
78 Serbia
35%
No matching quizzes found
Score Distribution
Percent of People with Each Score
Percentile by Number Answered
Your Score History
You have not taken this quiz